Statistics for Countries of the World by Common 3 Consecutive Letters with a map

Click here to take the quiz!

General Stats

  • This quiz has been taken 570 times
  • The average score is 148 of 196

Answers on the Map

Answers color-coded by a green-red scale on the quiz's map according to % correct below.
 

Answer Stats

Country% Correct
United States
99%
China
98%
Russia
98%
Tunisia
98%
Turkmenistan
98%
United Arab Emirates
98%
United Kingdom
98%
Afghanistan
97%
Australia
97%
Canada
97%
India
97%
Mauritania
97%
Panama
97%
Saint Vincent and the Grenadines
97%
Solomon Islands
97%
Algeria
96%
Democratic Republic of the Congo
96%
Indonesia
96%
Kazakhstan
96%
Kyrgyzstan
96%
Mongolia
96%
Nigeria
96%
Pakistan
96%
Republic of the Congo
96%
Somalia
96%
South Africa
96%
South Korea
96%
Tajikistan
96%
Thailand
96%
Uzbekistan
96%
Austria
95%
Belarus
95%
Central African Republic
95%
Ireland
95%
Marshall Islands
95%
Netherlands
95%
New Zealand
95%
Saudi Arabia
95%
South Sudan
95%
Dominican Republic
94%
Iran
94%
Malaysia
94%
North Korea
94%
Swaziland
94%
Chile
93%
Denmark
93%
Guatemala
93%
Saint Kitts and Nevis
93%
Tanzania
93%
Equatorial Guinea
92%
Finland
92%
Iceland
92%
Liberia
92%
Poland
92%
Romania
92%
Switzerland
92%
Germany
91%
Namibia
91%
Portugal
91%
Slovenia
91%
Suriname
91%
Bahrain
90%
Federated States of Micronesia
90%
Norway
90%
Papua New Guinea
90%
Bosnia and Herzegovina
89%
Guinea-Bissau
89%
Mali
89%
Niger
89%
Saint Lucia
89%
Sweden
89%
Vatican City
89%
Cambodia
88%
Malawi
88%
Turkey
88%
Zambia
88%
Albania
87%
Antigua and Barbuda
87%
Armenia
87%
Ukraine
87%
Andorra
86%
France
86%
Iraq
86%
Maldives
86%
Nicaragua
86%
Sudan
86%
Trinidad and Tobago
86%
Burkina Faso
85%
Estonia
85%
Malta
85%
Oman
85%
Colombia
84%
Comoros
84%
Japan
84%
Morocco
84%
Spain
84%
Uruguay
84%
Argentina
83%
Bhutan
83%
Italy
83%
Mexico
83%
Rwanda
83%
East Timor
82%
Paraguay
82%
Uganda
82%
Lithuania
81%
Botswana
80%
Gambia
80%
Guinea
80%
Libya
80%
Macedonia
80%
Serbia
80%
Vietnam
80%
Angola
79%
Bolivia
79%
Grenada
79%
Belgium
78%
Belize
78%
Bulgaria
78%
Venezuela
78%
Bangladesh
77%
Costa Rica
77%
Ghana
77%
Madagascar
77%
Palau
77%
Cameroon
75%
Latvia
75%
Syria
75%
Cyprus
74%
Nepal
74%
São Tomé and Príncipe
74%
Guyana
72%
Burundi
71%
Greece
71%
Yemen
70%
Brazil
69%
Montenegro
69%
San Marino
69%
Ecuador
67%
El Salvador
67%
Mozambique
67%
Philippines
67%
Sri Lanka
67%
Myanmar
66%
Singapore
65%
Eritrea
64%
Senegal
63%
Slovakia
63%
Czech Republic
62%
Dominica
61%
Ethiopia
60%
Monaco
60%
Bahamas
56%
Haiti
56%
Mauritius
56%
Croatia
55%
Lesotho
52%
Jordan
51%
Lebanon
51%
Seychelles
50%
Hungary
48%
Jamaica
47%
Cape Verde
43%
Chad
43%
Cuba
43%
Egypt
43%
Fiji
43%
Gabon
43%
Georgia
43%
Honduras
43%
Israel
43%
Kenya
43%
Kosovo
43%
Laos
43%
Peru
43%
Samoa
43%
Togo
43%
Tuvalu
43%
Zimbabwe
43%
Taiwan
41%
Côte d'Ivoire
40%
Tonga
39%
Benin
35%
Moldova
35%
Brunei
34%
Kuwait
33%
Sierra Leone
33%
Azerbaijan
31%
Nauru
31%
Djibouti
30%
Qatar
29%
Barbados
28%
Kiribati
25%
Luxembourg
23%
Liechtenstein
18%
Vanuatu
16%

Score Distribution

Percentile by Number Answered

Percent of People with Each Score

Your Score History

You have not taken this quiz